Jegyzetek az interkulturális nevelésről
Elmentve itt :
| Szerző: | |
|---|---|
| Dokumentumtípus: | Cikk |
| Megjelent: |
1999
|
| Sorozat: | Iskolakultúra
9 No. 6-7 |
| Online Access: | http://misc.bibl.u-szeged.hu/40421 |
| LEADER | 00570nab a2200169 i 4500 | ||
|---|---|---|---|
| 001 | misc40421 | ||
| 005 | 20191106140931.0 | ||
| 008 | 180709s1999 hu o 0|| zxx d | ||
| 022 | |a 1215-5233 | ||
| 040 | |a SZTE Miscellanea Repozitórium |b hun | ||
| 041 | |a zxx | ||
| 100 | 1 | |a Fodor László | |
| 245 | 1 | 0 | |a Jegyzetek az interkulturális nevelésről |h [elektronikus dokumentum] / |c Fodor László |
| 260 | |c 1999 | ||
| 300 | |a 91-99 | ||
| 490 | 0 | |a Iskolakultúra |v 9 No. 6-7 | |
| 856 | 4 | 0 | |u http://misc.bibl.u-szeged.hu/40421/1/EPA00011_iskolakultura_1999_06_07_091-099.pdf |z Dokumentum-elérés |